Third Malaysia Plan 1976-1980

Bibliographic Details
Corporate Author: Malaysia
Format: Book
Language:English
Published: Kuala Lumpur : National Printing Department 1976
Subjects:

MARC

LEADER 00000cam a2200000 7i4500
001 0000003083
005 20240926.0
008 240402 my a eng
040 |a INS   |b eng   |e rda 
090 0 0 |a RHC445.5   |b .M35 1976 
110 1 |a Malaysia 
245 0 0 |a Third Malaysia Plan 1976-1980 
264 1 |a Kuala Lumpur :   |b National Printing Department   |c 1976 
300 |a xx, 429 pages :   |b illustrations, maps ;   |c 28 cm. 
336 |a text  |2 rdacontent 
337 |a unmediated  |2 rdamedia 
338 |a volume  |2 rdacarrier 
650 0 |a Economic policy   |z Malaysia   |y 1976-1980 
650 0 |a Planning 
999 |a 0000005407   |b BOOK   |c Reference   |e Default branch 
999 |a 0000022228   |b BOOK   |c Red Spot   |e Default branch 
999 |a 0000022229   |b BOOK   |c Red Spot   |e Default branch